Responses for Show #1828 - Wednesday, July 8, 1992

1992 Seniors Tournament quarterfinal game 3.

Contestants

[<< previous game]

Leonard Schmidt, an optometrist from Pittsburgh, Pennsylvania

Burt Schildkraut, a CPA from Brooklyn, New York

Pat Fine, a retired teacher from Buena Park, California

[next game >>]

Jeopardy! Round responses

STATE CAPITALS
GOLF
INDOOR GARDENING
INSECTS
CLOTHING
"P.D."
    $100 24
Boise

Pat
    $100 11
a tee

Leonard
    $100 14
Africa

Leonard
    $100 6
a praying mantis

Leonard
    $100 1
a gown

Leonard
    $100 17
police department

Pat
    $200 27
Montgomery

Burt
    $200 12
par

Leonard
    $200 15
bonsai trees

Pat
    $200 7
a cocoon

Leonard
    $200 2
a kimono

Pat
    $200 18
Patty Duke

Burt
    $300 28
Phoenix

Leonard
    $300 13
the rough

Pat
    $300 16
the aloe

Pat
    $300 8
(Pat: What is pollen?)

nectar

PatLeonard
    $300 3
unisex

Leonard
    $300 19
Pam Dawber

Leonard
    $1,500 29
Lansing (Michigan)

Leonard
    $400 22
Jack Nicklaus

Burt
    $400 25
fern

Pat
    $400 9
wasps

Burt
    $400 4
a cape

Burt
    $400 20
per diem

Pat
    $500 30
(Leonard: What is Philadelphia?)

Trenton (New Jersey)

BurtLeonard
    $500 23
links

Leonard
    $500 26
the century plant

Leonard
    $500 10
a cicada

Leonard
    $500 5
spats

Pat
    $500 21
Placido Domingo

Leonard

Scores at the first commercial break (after clue 16):

Pat Burt Leonard
$1,200 $800 $1,900

Scores at the end of the Jeopardy! Round:

Pat Burt Leonard
$2,200 $2,100 $5,000

Double Jeopardy! Round responses

EXPLORERS
COINS
FICTIONAL CHARACTERS
DAYS & DATES
SOUTH AMERICA
HISTORY
    $200 16
Lewis & Clark

Leonard
    $200 30
Julius Caesar

Leonard
    $200 11
The Scarlet Letter

Pat
    $200 21
December 25th

Leonard
    $200 6
monkeys

Pat
    $200 1
Germany

Pat
    $400 17
Ponce de Leon

Pat
    $400 29
silver

Leonard
    $400 12
Dorian Gray

Leonard
    $400 22
the 13th

Pat
    $400 7
(Burt: What are cattle?)

sheep

BurtLeonard
    $400 2
(Pat: What is Jordan?)

Egypt

PatBurt
    $600 18
Vancouver

Leonard
    $600 28
a kopek

Leonard
    $600 13
(Burt: Who is David Balfour?)

Jim (Hawkins)

PatBurt
    $600 23
April 15th

Burt
    $600 8
Colombia

Leonard
    $600 3
Ferdinand & Isabella

Pat
    $1,000 19
(Leonard: Who is Pizarro?)

Balboa

Leonard
    $800 27
a sheckel

Leonard
    $800 14
Madame Bovary

Pat
    $800 24
February 29th

Leonard
    $800 9
Suriname

Leonard
    $800 4
Bourbon

Leonard
    $1000 20
Coronado

Pat
    $1000 26
(Alex: And it's the Netherlands, "What is the [*]"?)

the guilder (florin)

Triple Stumper
    $3,000 15
The Moon and Sixpence

Pat
    $1000 25
November 1st

Burt
    $1000 10
(Pat: What is Argentina?)

Chile

PatLeonard
    $1000 5
(Leonard: Who is Woodson?)

Earl Grey

PatLeonard

Scores at the end of the Double Jeopardy! Round:

Pat Burt Leonard
$9,200 $3,100 $10,800

Final Jeopardy! Round responses

NATIONS OF THE WORLD
[Laughter after Leonard's response is revealed]
(Alex: A funny response...not right...but I love your humor.)
BurtWhat [S + illegible 2 or 3 more letters]
$3,100
PatWhat is Haiti?
$6,000
LeonardWhat is Lower Slobovia
$0
Haiti

Final scores:

Pat Burt Leonard
$15,200 $0 $10,800
Automatic semifinalist 3rd place: $1,000 if eliminated 2nd place: $1,000 if eliminated

Game dynamics:

Coryat scores:

Pat Burt Leonard
$7,200 $3,100 $10,700
20 R
(including 1 DD),
3 W
9 R,
2 W
29 R
(including 1 DD),
3 W
(including 1 DD)

Combined Coryat: $21,000

[game clues] [game scores] [suggest correction]

Game tape date: 1992-02-24
The J! Archive is created by fans, for fans. Scraping, republication, monetization, and malicious use prohibited; this site may use cookies and collect identifying information. See terms. The Jeopardy! game show and all elements thereof, including but not limited to copyright and trademark thereto, are the property of Jeopardy Productions, Inc. and are protected under law. This website is not affiliated with, sponsored by, or operated by Jeopardy Productions, Inc. Join the discussion at JBoard.tv.